• 首页
  • 本馆介绍
  • 公告通知
  • 最新文献
  • 馆藏检索
  • 电子资源
  • 读者导购
  • 参考咨询
  • 我的图书馆
  • 登录
  • 详细信息显示
  • 放入我的书架
  • 预约/预借图书
  • 作者相关作品
  • 分类相关作品
  • 丛书相关作品
  • 出版社相关作品

书目信息

  • 表格格式
  • 工作单格式
  • 卡片格式
题名:
中国海洋发展报告
    
 
作者: 高之国 主编 ;国家海洋局 编
分册: 2010  
出版信息: 北京   海洋出版社  2010
页数: 13,574页
开本: 23cm
丛书名:
单 册:
中图分类: P74-53 , P74
科图分类:
主题词: 海洋经济学--文集 , 海洋战略--研究报告--中国--2010
电子资源:
ISBN: 978-7-5027-7710-4
000 01075nam0 2200289 450
001 2346554422
005 20231218125739.63
010    @a978-7-5027-7710-4@dCNY 130.00
090    @aP74@bgzg
096    @aP74@bgzg
100    @a20100617d2010 em y0chiy0120 ea
101 0  @achi
102    @aCN@b110000
105    @aa z 000yy
200 1  @a中国海洋发展报告@Azhong guo hai yang fa zhan bao gao@h2010@h2010@b专著@dChina's ocean development report@f高之国主编@g国家海洋局海洋发展战略研究所课题组[编]@zeng
210    @a北京@c海洋出版社@d2010
215    @a13,574页@c图@d23cm
330    @a本书论述了我国海洋事业发展的战略与政策、法律与权益、经济与科技、资源与环境等方面的重大理论和实践问题等内容。
510 1  @aChina's ocean development report@h2010@zeng
606 0  @a海洋经济学@j文集
606 0  @a海洋战略@x研究报告@y中国@z2010
690    @aP74-53@v5
690    @aP74@v4
701  0 @a高之国@Agao zhi guo@f(1955 )@4主编
712 02 @a国家海洋局@Aguo jia hai yang ju@b海洋发展战略研究所@b课题组@4编
801  2 @aCN@b辽宁北配@c20231205
905    @aBZT@dP74@e10:2010
    
    中国海洋发展报告.2010.2010=China's ocean development report/高之国主编/国家海洋局海洋发展战略研究所课题组[编].-北京:海洋出版社,2010
    13,574页:图;23cm
    
    
    ISBN 978-7-5027-7710-4:CNY 130.00
    本书论述了我国海洋事业发展的战略与政策、法律与权益、经济与科技、资源与环境等方面的重大理论和实践问题等内容。
●
相关链接 在五车中查询图书 在当当中查询图书 在豆瓣中查询图书


正题名:中国海洋发展报告     索取号:P74/10:2010         预约/预借

序号 登录号 条形码 馆藏地/架位号 状态 备注
1 2001631565   2001631565   辽三/辽宁北配(第三批)/2766/ [索取号:P74/10:2010] 在馆    
2 2001631566   2001631566   辽三/辽宁北配(第三批)/2766/ [索取号:P74/10:2010] 在馆    
3 2001631567   2001631567   辽三/辽宁北配(第三批)/2766/ [索取号:P74/10:2010] 在馆    
4 2001631568   2001631568   辽三/辽宁北配(第三批)/2766/ [索取号:P74/10:2010] 在馆    
5 2001631569   2001631569   辽三/辽宁北配(第三批)/2766/ [索取号:P74/10:2010] 在馆    
6 2001631570   2001631570   辽三/辽宁北配(第三批)/2766/ [索取号:P74/10:2010] 在馆    
7 2001631571   2001631571   辽三/辽宁北配(第三批)/2766/ [索取号:P74/10:2010] 在馆    
8 2001631572   2001631572   辽三/辽宁北配(第三批)/2766/ [索取号:P74/10:2010] 在馆    
9 2001631573   2001631573   辽三/辽宁北配(第三批)/2766/ [索取号:P74/10:2010] 在馆    
10 2001631574   2001631574   辽三/辽宁北配(第三批)/2766/ [索取号:P74/10:2010] 在馆    
11 2001631575   2001631575   辽三/辽宁北配(第三批)/2766/ [索取号:P74/10:2010] 在馆    
12 2001631576   2001631576   辽三/辽宁北配(第三批)/2766/ [索取号:P74/10:2010] 在馆    
13 2001631577   2001631577   辽三/辽宁北配(第三批)/2766/ [索取号:P74/10:2010] 在馆    
14 2001631578   2001631578   辽三/辽宁北配(第三批)/2766/ [索取号:P74/10:2010] 在馆    
15 2001631579   2001631579   辽三/辽宁北配(第三批)/2766/ [索取号:P74/10:2010] 在馆    
16 2001631580   2001631580   辽三/辽宁北配(第三批)/2766/ [索取号:P74/10:2010] 在馆    
17 2001631581   2001631581   辽三/辽宁北配(第三批)/2766/ [索取号:P74/10:2010] 在馆    
18 2001631582   2001631582   辽三/辽宁北配(第三批)/2766/ [索取号:P74/10:2010] 在馆    
19 2001631583   2001631583   辽三/辽宁北配(第三批)/2766/ [索取号:P74/10:2010] 在馆    
20 2001631584   2001631584   辽三/辽宁北配(第三批)/2766/ [索取号:P74/10:2010] 在馆    
21 2001631585   2001631585   辽三/辽宁北配(第三批)/2766/ [索取号:P74/10:2010] 在馆    
22 2001631586   2001631586   辽三/辽宁北配(第三批)/2766/ [索取号:P74/10:2010] 在馆    
23 2001631587   2001631587   辽三/辽宁北配(第三批)/2766/ [索取号:P74/10:2010] 在馆    
24 2001631588   2001631588   辽三/辽宁北配(第三批)/2766/ [索取号:P74/10:2010] 在馆    
25 2001631589   2001631589   辽三/辽宁北配(第三批)/2766/ [索取号:P74/10:2010] 在馆    
26 2001631590   2001631590   辽三/辽宁北配(第三批)/2766/ [索取号:P74/10:2010] 在馆    
27 2001631591   2001631591   辽三/辽宁北配(第三批)/2766/ [索取号:P74/10:2010] 在馆    
28 2001631592   2001631592   辽三/辽宁北配(第三批)/2766/ [索取号:P74/10:2010] 在馆    
29 2001631593   2001631593   辽三/辽宁北配(第三批)/2766/ [索取号:P74/10:2010] 在馆    
30 2001631594   2001631594   辽三/辽宁北配(第三批)/2766/ [索取号:P74/10:2010] 在馆    
山东省滨州职业学院图书馆 欢迎您!
大连网信软件有限公司© 版权所有